000 00761nam a22002295i 4500
001 177206
003 ES-MaACL
005 20250804120526.0
008 110308s1949 sp o |||| | spa d
080 _a725.94(460.27 M.)
100 0 _aGaya Nuño, Juan Antonio,
_d1913-1976
_956130
245 1 0 _aMadrid monumental /
_cpor J. A. Gaya Nuño.
260 _aMadrid :
_bPlus-Ultra,
_c[1949?]
300 _a158 p. :
_bfot. bl. y n. ;
_c22 cm.
490 1 _aLos monumentos cardinales de España ;
_v6
500 _aÍndice.
504 _aBibliografía: p. 155.
650 0 4 _aMonumentos-
_zMadrid
_915181
830 0 _aLos monumentos cardinales de España ;
_v6
_9190368
852 _aES-MaACL
_jE-14619
_xOlim P-1021
999 _c177206
_d177206